Loading...

आधुनिक हिन्दी आलोचना के बीज शब्द /

Bibliographic Details
Main Author: बच्चन सिंह
Other Authors: Bachchan Singh
Format: Printed Book
Published: New Delhi: Vani prakasan, 2004.
Edition:3rd ed.
Subjects:
LEADER 00684cam a2200181ua 4500
020 |a 81-7055-362-8 
082 |a H891.4309  |b BAC/A 
100 0 |a बच्चन सिंह  
245 0 2 |a आधुनिक हिन्दी आलोचना के बीज शब्द /  
250 |a 3rd ed. 
260 |a New Delhi:  |b Vani prakasan,  |c 2004. 
300 |a 142p.. 
650 |a Aadhunik Hindi aalochana ke beez shabad- Criticism  |a Criticism- Hindi litrature 
650 0 |a Hindi literature 
700 |a Bachchan Singh 
942 |c BK 
999 |c 16540  |d 16540 
952 |0 0  |1 0  |4 0  |6 H_891_430900000000000_BAC  |7 0  |9 17248  |a KUCL  |b KUCL  |d 2014-05-23  |l 0  |o H891.4309 BAC/  |p 16411  |r 2014-05-23  |w 2014-05-23  |y BK